000 02247cam a22006014i 4500
003 PE-LiUPU
005 20250731170440.0
008 150625s2003 ag a rb 000 0 spa d
020 _a9870003435
020 _a9789870003434
035 _a(Sirsi) i9789870003434
040 _aPE-LiUPU
_bspa
_cPE-LiUPU
_dPE-LiUPU
_erda
049 _aPRUA
082 0 4 _a152.3
_bC21
_221
100 1 _aCalmels, Daniel,
_eautor.
245 1 0 _aQué es la psicomotricidad :
_blos transtornos psicomotores y la práctica psicomotriz /
_cCalmels, Daniel.
264 1 _aBuenos Aires :
_bEditorial Lumen,
_c2003.
300 _a109 páginas :
_bilustraciones ;
_c22 centímetros.
336 _atext
_2rdacontent
337 _aunmediated
_2rdamedia
338 _avolume
_2rdacarrier
490 0 _aCuerpo, Arte y Salud. Serie Roja
504 _aIncluye referencias bibliográficas.
505 0 _aAntecedentes. Breve reseña histórica -- Objeto de estudio -- Dimensiones -- Campo de intervención de la psicomotricidad -- Características generales de los trastornos psicomotores -- Torpeza -- Displasia -- Trastornos de la lateralización -- Digrafía -- Inestabilidad psicomotriz -- Inhibición -- Técnicas y recursos de la práctica psicomotriz.
526 _aSEG68
526 _aSEG70
526 _aSEG69
526 _aSEG67
526 _aSEG43
526 _aP144
526 _aP143
526 _aP131
526 _aP122
526 _aP120
526 _aP117
526 _aP112
526 _aP110
526 _aP106
526 _aP101
526 _aP80
526 _aP59
526 _aP54
526 _aP35
526 _aP33
526 _aP30
541 _g001-000081;
650 0 4 _aPsicomotricidad.
942 _2ddc
_cBOOK
949 _a152.3 C21
_wDEWEY
_c1
_i56089
_d2015-8-26
_e2015-8-25
_lCCODEBUL1
_mBUL
_n3
_r0
_sY
_tBOOK
_u2015-6-25
_xSALUD
_PP20
_0COMPRA
_o.STAFF. Colección Ciencias de la Salud
994 _aC0
_bPEPRU
596 _a1
999 _a152.3 C21
_wDEWEY
_c44919
_i56089
_d44919
_e2019-6-21
_f2021-11-3
_g5
_lCCODEBUL1
_mBUL
_n6
_p20.00
_q1
_r0
_sY
_tBOOK
_u2015-6-25
_xSALUD
_zP20
_0COMPRA
_o.STAFF. Colección Ciencias de la Salud
980 _81
_gALBERTO SANCHEZ Responsable de Automatización